The vanaspati industry (Record no. 367834)

000 -LEADER
fixed length control field 00425cam a22001337a 4500
008 - FIXED-LENGTH DATA ELEMENTS--GENERAL INFORMATION
fixed length control field 180718b1958 xxu||||| |||| 00| 0 eng d
082 ## - DEWEY DECIMAL CLASSIFICATION NUMBER
Classification number T211x54 H288
100 ## - MAIN ENTRY--PERSONAL NAME
Personal name Hattingadi, Gopal S.
245 ## - TITLE STATEMENT
Title The vanaspati industry
Statement of responsibility, etc. by Gopal S. Hattingadi
260 ## - PUBLICATION, DISTRIBUTION, ETC.
Place of publication, distribution, etc. Hyderabad
Name of publisher, distributor, etc. Indian Central Oilseeds Committee
Date of publication, distribution, etc. 1958
300 ## - PHYSICAL DESCRIPTION
Extent 100p.
650 ## - SUBJECT ADDED ENTRY--TOPICAL TERM
Topical term or geographic name entry element Food industry and trade - India
700 ## - ADDED ENTRY--PERSONAL NAME
Personal name Indian Central Oilseeds Committee
Holdings
Withdrawn status Lost status Damaged status Not for loan Permanent Location Current Location Date acquired Full call number Barcode Date last seen Price effective from Koha item type
        Indian Institute of Public Administration Indian Institute of Public Administration 1994-05-18 T211x54 H288 15811 2018-07-21 2018-07-21 Book
        Indian Institute of Public Administration Indian Institute of Public Administration 1994-05-18 T211x54 H288 1100 2018-07-21 2018-07-21 Book

Powered by Koha